LEADER 01024nam0-22002891i-450- 001 990000621020403321 005 20001010 035 $a000062102 035 $aFED01000062102 035 $a(Aleph)000062102FED01 035 $a000062102 100 $a20001010d--------km-y0itay50------ba 101 0 $aita 105 $ay-------001yy 200 1 $aINDAGINE SPERIMENTALE AL VERO SULL'INSTABILITA' ELASTO-PLASTICA DI UN TELAIO MULTIPIANO IN ACCIAIO,1966$fPAGANOM. - MAZZOLANI F.M. 210 $aNapoli$cI.T.C.$d1966 300 $aAtti dell'Istituto di Tecnica delle Costruzioni dell'Università di Napoli. 610 0 $aAtti ed estratti di Università ed Istituti Universitari Italiani. 700 1$aPagano,$bMichele$01538 801 0$aIT$bUNINA$gRICA$2UNIMARC 901 $aBK 912 $a990000621020403321 952 $a07 U/1381$b$fDINSC 959 $aDINSC 996 $aINDAGINE SPERIMENTALE AL VERO SULL'INSTABILITA' ELASTO-PLASTICA DI UN TELAIO MULTIPIANO IN ACCIAIO,1966$9316216 997 $aUNINA DB $aING01